Quiz top 10 alcool les plus bus en France - Statistiques

Statistiques générales
  • Ce quiz a été pris 22 896 fois
  • Le résultat moyen est 7 sur 10
Statistiques - réponses
indice réponse % Correct
2 milliards par litres/an vin
97%
3,5 milliards par litres/an bière
95%
28 millions par litres/an vodka
94%
142 millions par litres/an whisky
87%
32,2 millions par litres/an rhum
83%
70,1 millions par litres/an ricard
72%
219 millions par litres/an champagne
70%
27,3 millions par litres/an liqueur
36%
13,8 millions par litres/an picon
12%
6,3 millions par litres/an coktails
6%
Aucun quiz correspondant
Distribution des résultats
% des personnes avec chaque résultat
Percentile par nombre de réponses
Votre historique - résultats
Vous n’avez pas pris ce quiz